| 000 | 00662cam a22002291 4500 | ||
|---|---|---|---|
| 001 | sa 66006196 | ||
| 003 | DLC | ||
| 005 | 20260227112254.0 | ||
| 008 | 840628s1965 ii ac 000 0 hino | ||
| 010 | _asa 66006196 | ||
| 025 | _aPL480:I-H-2770 | ||
| 035 | _a(OCoLC)21640141 | ||
| 040 |
_aDLC _cCU _dDLC |
||
| 042 | _apremarc | ||
| 050 | 0 | 0 |
_aDS485.R2 _bP3 |
| 100 | 1 | _aPāṇḍeya, Phūlacandra. | |
| 245 | 1 | 0 |
_aRAjasthana : eka sarvekshana, _b smarika. _c Sampadaka Phūlacandra Pāṇḍeya. |
| 260 |
_a[Jayapura, _b Ānanda Prakāśana, 1965] |
||
| 300 |
_a177 p. _b illus., ports. _c 25 cm. |
||
| 500 | _aIn Hindi. | ||
| 651 | 0 | _aRajasthan (India) | |
| 999 |
_c70369 _d70369 |
||